000 01050nam0a22002771 4500
001 rc\4895897
005 20250613032429.0
021 _aRU
_b[67-100853]
035 _a(NLR Aleph) 008925656
090 _a8852222
_c8852222
100 _a20130426d1967 |||y0rusy50 ca
101 0 _arus
102 _aRU
105 _aa z |||||
200 1 _aИсследование процесса переработки грузов на военных складах
_fНовосиб. ин-т инженеров ж.-д. транспорта
210 _aНовосибирск
_cБ. и.
_d1967
215 _a73 с.
_cил.
_d20
300 _aПеред загл. авт.: Н.Н. Янченков, доц. канд. воен. наук
320 _aБиблиогр.: с. 72-73 (35 назв.)
606 _aВоенные склады
_xОрганизация
_2psbo
700 1 _aЯнченков
_bН.Н.
_gНиколай Николаевич
801 0 _aRU
_bNLR
_gpsbo
801 1 _aRU
_bELAR
_2rusmarc
852 _aNLR
_j68-4/192
942 _cBOOK
980 _aNB